Statistiken für Lyrics raten #13

Klicken Sie hier um das Quiz zu spielen!

Allgemein

  • Dieses Quiz wurde 122 mal gespielt
  • Das Durchschnittsergebnis liegt bei 84 aus 209

Antwortstatistiken

Antwort% Korrekt
ich
100%
Ich
100%
du
99%
Wir
90%
die
82%
Die
82%
das
81%
und
78%
ist
66%
wie
56%
Liebe
54%
ein
53%
an
50%
für
50%
Im
48%
nicht
48%
in
46%
mir
46%
dir
45%
nach
42%
auf
39%
Dann
38%
aus
35%
Zeit
33%
durch
32%
einem
32%
wird
32%
Gib
31%
Nur
31%
bisschen
30%
Denk
30%
lang
30%
mehr
30%
Nacht
30%
Raum
30%
Zukunft
30%
bau
29%
Irgendwann
29%
irgendwann
29%
Irgendwie
29%
Irgendwie,
29%
Irgendwo,
29%
Irgendwo
29%
Hand
28%
reif
28%
Sand
28%
Schloss
28%
Irgendwo,
27%
Mut
27%
Licht
26%
Zärtlichkeit
26%
fängt
25%
gemacht
25%
warte
25%
Fliegen
24%
Genau
24%
Traum
24%
Unendlichkeit
24%
Richtung
23%
Erwacht
22%
fahren
22%
lange
22%
Motten
22%
Sturz
22%
zurück
19%
Feuerrädern
17%
kurzer
17%
Augenblick
16%
kehrt
14%

Verteilung der Resultate

Perzentil nach korrekt beantworteten Fragen

Anzahl Personen mit jedem Resultat

Ihre Resultats-Entwicklung

Sie haben dieses Quiz noch nicht gespielt